000 01015nam a22002297a 4500
999 _c3480
_d3480
005 20240129092043.0
008 240129b ||||| |||| 00| 0 eng d
020 _a9780141341590
040 _cKH8
082 _a823.92 CAS
100 _aCassidy, Cathy,
_d1962-
_eAuthor
245 _aCoco Caramel /
_cCathy Cassidy
260 _aLondon,
_bPuffin,
_c2013
300 _a262 pages :
_billustrations ;
_c23 cm
440 _a The chocolate box girls,
_v5
520 _aCoco is the youngest of the five Tanberry girls. She is always trying to save someone, whether it is a bullied boy or the giant panda. So when she discovers her favouritme pony, Caramel, needs her help she has to do something. why does Lawrie, the moodiest guy in the school, keep getting in her way? Can Coco rescue Caramel in time or is she riding into deeper trouble? (From book cover)
521 _a9+.
650 _aChildren's fiction
650 _aChildren's stories
_vFiction
650 _aFriendship Fiction
942 _2ddc
_cFIC